| Поле | Инд. | ПП | Название | Значение |
|---|---|---|---|---|
| Тип записи | m | |||
| Библиографический уровень | m | |||
| 001 | Контрольный номер | db48b6852ecd4605ae059fe88cfbbe51 | ||
| 005 | Дата корректировки | 20241205171105.8 | ||
| 008 | Кодируемые данные | 240724|||||||||ru |||||||||||||||||rus|| | ||
| 020 | a | ISBN | 978-5-907905-00-9 | |
| 040 | a | Служба первич. каталог. | DE | |
| b | Код языка каталог. | rus | ||
| e | Правила каталог. | PSBO | ||
| 084 | a | Индекс другой классификации/Индекс ББК | 81.2Англ-923 | |
| 203 | a | Вид содержания | Текст | |
| c | Тип средства | электронный | ||
| 245 | 10 | a | Заглавие | Научно-исследовательский проект по методике преподавания иностранных языков |
| c | Ответственность | Министерство науки и высшего образования Российской Федерации, Федеральное государственное автономное образовательное учреждение высшего образования "Мурманский арктический университет" ; автор-составитель О. В. Путистина | ||
| h | Физич. носитель | Электронный ресурс | ||
| b | Продолж. заглавия | учебное пособие по направлениям подготовки 44.03.05 "Педагогическое образование", профиль/ направленность "Английский язык. Немецкий язык", "Английский язык. Второй иностранный язык", 44.04.01 "Педагогическое образование. Современные технологии преподавания иностранных языков" | ||
| b | Продолж. заглавия | учебное электронное издание | ||
| 260 | a | Место издания | Мурманск | |
| b | Издательство | МАУ | ||
| c | Дата издания | 2024 | ||
| 500 | a | Примечание | Электрон. текстовые дан. (1 файл : 979 Кб) | |
| 500 | a | Примечание | URL: https://elib.mauniver.ru/2024/U_24_25.pdf | |
| 500 | a | Примечание | Доступ из локальной сети Мурманского арктического университета. - Загл. с титул. экрана | |
| 500 | a | Примечание | Имеется опт. компакт-диск (CD-ROM) | |
| 520 | 0_ | a | Аннотация | Данное учебное пособие предназначено для подготовки обучающихся, которые занимаются проектной и научно-исследовательской деятельностью в области методики преподавания иностранных языков. Учебное пособие способствует развитию научно-исследовательской компетенции обучающихся, а также становлению профессиональной методической компетенции будущих педагогов |
| 583 | x | Служебное примечание | Полнотекстовые документы | |
| x | Служебное примечание | Без печатного варианта | ||
| x | Служебное примечание | Труды преподавателей МАУ | ||
| x | Служебное примечание | Английский язык. ВПО | ||
| x | Служебное примечание | Педагогическое образование. ВПО | ||
| x | Служебное примечание | Немецкий язык. ВПО | ||
| z | Открытое примечание | 44.03.05 | ||
| z | Открытое примечание | 44.04.01 | ||
| 653 | 0_ | a | Ключевые слова | Английский язык |
| a | Ключевые слова | Интерактивное обучение | ||
| a | Ключевые слова | Иностранные языки | ||
| a | Ключевые слова | Научно-исследовательская работа | ||
| a | Ключевые слова | Немецкий язык | ||
| a | Ключевые слова | Преподавание иностранных языков | ||
| a | Ключевые слова | Труды преподавателей МАУ | ||
| a | Ключевые слова | Электронные версии | ||
| a | Ключевые слова | Эмпирические модели | ||
| 700 | 12 | a | Другие авторы | Путистина О. В. |
| e | Роль лиц | Автор-составитель | ||
| 856 | 40 | u | URL | https://elib.mauniver.ru/2024/U_24_25.pdf |
| 901 | t | Тип документа | m | |
| 952 | c | Вид литературы | учебное пособие | |
| b | Гриф литературы для ВШ | Допущено учебно-методическим советом университета |